ՀՀ Գիտությունների ազգային ակադեմիայի հիմնարար գիտական գրադարան  =   Fundamental Scientific Library of NAS RA

«Մարդ եմ սպանել, բայց մարդասպան չեմ» ։ (Record no. 540428)

MARC details
000 -LEADER
fixed length control field 02085nam a2200301 a 4500
001 - CONTROL NUMBER
control field 2028152
003 - CONTROL NUMBER IDENTIFIER
control field AM-YEHGA
005 - DATE AND TIME OF LATEST TRANSACTION
control field 20260408123251.0
008 - FIXED-LENGTH DATA ELEMENTS--GENERAL INFORMATION
fixed length control field 250813s2025 ai o|||gr|||| 001|0|arm|d
020 ## - INTERNATIONAL STANDARD BOOK NUMBER
International Standard Book Number 978-9939-964-17-1
040 ## - CATALOGING SOURCE
Original cataloging agency AM-YEHGA
041 1# - LANGUAGE CODE
Language code of text/sound track or separate title arm
044 ## - COUNTRY OF PUBLISHING/PRODUCING ENTITY CODE
MARC country code ai
100 1# - MAIN ENTRY--PERSONAL NAME
Personal name Կոֆլեր-Բեթշարտ Բիրգիտ
245 11 - TITLE STATEMENT
Title «Մարդ եմ սպանել, բայց մարդասպան չեմ» ։
Remainder of title Հայոց ցեղասպանությունը, զոհերի վրեժը և «Նեմեսիս» գաղտնի գործողությունը /
Statement of responsibility, etc. Բ. Կոֆլեր-Բեթշարտ ; Առաջաբանի հեղինակ՝ Հ. Մարտիրոսյան, Գ. Խանումյան ; Թարգմանիչ՝ Ա. Հայրունի ; Կազմի ձևավորումը՝ Ք. Վարդանյան ; «Հայոց ցեղասպանության թանգարան-ինստիտուտ» հիմնադրամ.
260 ## - PUBLICATION, DISTRIBUTION, ETC.
Place of publication, distribution, etc. Երևան ։
Name of publisher, distributor, etc. ՀՑԹԻ հրատարակչություն,
Date of publication, distribution, etc. 2025.
300 ## - PHYSICAL DESCRIPTION
Extent 227 էջ ։
Other physical details լուսանկարներ ;
Dimensions 20 սմ.
504 ## - BIBLIOGRAPHY, ETC. NOTE
Bibliography, etc. note Աղբյուրներ և գրականություն՝ էջ 219-227։
650 14 - SUBJECT ADDED ENTRY--TOPICAL TERM
Topical term or geographic name entry element Հայ քաղաքական կուսակցություններ
650 14 - SUBJECT ADDED ENTRY--TOPICAL TERM
Topical term or geographic name entry element Հայոց ցեղասպանություն, 1915-1923
General subdivision Հայերի ջարդերի կազմակերպող երիտթուրք պարագլուխների բացահայտելն ու վրեժխնդրությունը
Chronological subdivision 1919-1922թթ.
650 14 - SUBJECT ADDED ENTRY--TOPICAL TERM
Topical term or geographic name entry element Հայ յեղափոխական դաշնակցութիւն
General subdivision Հայկական «Նեմեսիս» գործողություն, որպես արդար վրեժի ծրագիր
Chronological subdivision 1919-1922թթ.
700 1# - ADDED ENTRY--PERSONAL NAME
Personal name Հայրունի, Ա.
Relator term թարգմանիչ
Relationship trl
700 1# - ADDED ENTRY--PERSONAL NAME
Personal name Մարտիրոսյան, Հայկ
Relator term առաջաբանի հեղիանակ
Relationship aui
9 (RLIN) 5492
700 1# - ADDED ENTRY--PERSONAL NAME
Personal name Խանումյան, Գոհար
Relator term առաջաբանի հեղինակ
Relationship aui
700 1# - ADDED ENTRY--PERSONAL NAME
Personal name Վարդանյան, Ք.
Relator term ձևավորող
Relationship bjd
710 2# - ADDED ENTRY--CORPORATE NAME
Corporate name or jurisdiction name as entry element «Հայոց ցեղասպանության թանգարան-ինստիտուտ» հիմնադրամ
942 ## - ADDED ENTRY ELEMENTS (KOHA)
Source of classification or shelving scheme Universal Decimal Classification
Koha item type Գրքեր / Books
Holdings
Withdrawn status Lost status Source of classification or shelving scheme Damaged status Not for loan Collection Home library Current library Date acquired Total checkouts Full call number Barcode Date last seen Price effective from Koha item type Public note
    Universal Decimal Classification     General Fundamental Scientific Library Fundamental Scientific Library 22/01/2026   AII/114207 FL0701266 22/01/2026 22/01/2026 Գրքեր / Books 30 Days Loan


ՀՀ ԳԱԱ հիմնարար գիտական գրադարան
ՀՀ,Երևան 0019
Մարշալ Բաղրամյան 24/6
հեռախոս:(374-10) 52-47-50
Հետադարձ կապ

All site content, except where otherwise noted, is licensed under a
Creative Commons License